Statistics for Minecraft Rarest Things

Click here to take the quiz!

General Stats

  • This quiz has been taken 26 times
  • The average score is 4 of 15

Answer Stats

HintAnswer% Correct
Shiny gold foodEnchanted Golden Apple
79%
Pink MobPink sheep
79%
Plank mansionWoodland Mansion
63%
Skeleton shooting a creeperMusic Disc
53%
Mini final bossDragon egg
26%
Like BaconBeacon
21%
Stone with greenEmerald ore
21%
Glowing under the seaSea Lantern
16%
What Pillagers where on ther headBanner pattern
5%
Not iron but made of itChainmail armour
5%
Shiny AmourEnchanted amour
5%
Think of mushroom cowsMooshroom biome
5%
On top of obsidian towersEnd cyrstal
0%
On top of thingsMob Head
0%
Really rare enchanted bookSmite
0%

Score Distribution

Percentile by Number Answered

Percent of People with Each Score

Your Score History

You have not taken this quiz